000 00311nam a2200157Ia 4500
100 _aSammer/Eric
650 _aHadoop
942 _cBK
366 _f25
245 _aHadoop operations
260 _bOreilly
_c2012
082 _a5.133
_bSAM
300 _a282
546 _aENGLISH
_celectronics
999 _c25934
_d25934